[Event "Chigorin Memorial"]
[Site "St Petersburg"]
[Date "2015.10.03"]
[Round "1.169"]
[White "Chekletsova, Darya"]
[Black "Naumenko, Oleg"]
[Result "1/2-1/2"]
[WhiteElo "1495"]
[BlackElo "2167"]
[PlyCount "85"]
[EventDate "2015.10.03"]
[EventType "swiss"]
[EventRounds "9"]
[EventCountry "RUS"]

1. d4 Nf6 2. Bg5 Ne4 3. Bf4 d5 4. Nf3 Bf5 5. e3 e6 6. Nbd2 Bd6 7. Be5 O-O 8.
Nxe4 dxe4 9. Bxd6 cxd6 10. Nd2 d5 11. h3 Qb6 12. h4 h6 13. g4 Bg6 14. h5 Bh7
15. g5 hxg5 16. Qg4 f6 17. h6 Bf5 18. Qh5 g6 19. h7+ Kh8 20. Qh6 Nd7 21. Rb1
Rac8 22. c3 a5 23. Be2 Rf7 24. Qh2 a4 25. a3 Nf8 26. Qg3 Rxh7 27. Rxh7+ Kxh7
28. Kf1 Kg7 29. Kg2 Nd7 30. Rh1 Rh8 31. Rxh8 Kxh8 32. Bg4 Kg7 33. Bxf5 gxf5 34.
c4 e5 35. dxe5 Nxe5 36. cxd5 Qxb2 37. Nc4 Nxc4 38. Qc7+ Kg6 39. Qxc4 Qxa3 40.
d6 Qxd6 41. Qg8+ Kh6 42. Qh8+ Kg6 43. Qg8+ 1/2-1/2

[Event "Chigorin Memorial"]
[Site "St Petersburg"]
[Date "2015.10.03"]
[Round "1.170"]
[White "Pogosian, Vladimir"]
[Black "Biyachuev, Minkail"]
[Result "1-0"]
[WhiteElo "2167"]
[BlackElo "1437"]
[PlyCount "113"]
[EventDate "2015.10.03"]
[EventType "swiss"]
[EventRounds "9"]
[EventCountry "RUS"]

1. e4 e5 2. Nf3 Nf6 3. d3 d6 4. Be2 Be6 5. O-O Be7 6. c3 Nbd7 7. Ng5 a5 8. d4
exd4 9. cxd4 d5 10. e5 Ne4 11. Nxe6 fxe6 12. f3 Ng5 13. Nc3 c6 14. f4 Nf7 15.
f5 exf5 16. e6 O-O 17. exf7+ Rxf7 18. Bd3 g6 19. Qb3 Bd6 20. Bf4 Bxf4 21. Rxf4
Qc7 22. Raf1 Raf8 23. Ne2 Nf6 24. Ng3 Ne4 25. Nxe4 fxe4 26. Rxf7 Rxf7 27. Rxf7
Qxf7 28. Bf1 Qf6 29. Qc3 b6 30. Qe3 Qd6 31. g3 c5 32. b3 Kf7 33. a4 cxd4 34.
Qxd4 Qc5 35. Qxc5 bxc5 36. Kf2 d4 37. Bg2 e3+ 38. Ke2 Ke6 39. Kd3 Ke5 40. Bf3
g5 41. Kc4 h6 42. Be2 Kd6 43. Kb5 g4 44. Kxa5 Kd5 45. Bd3 Kc6 46. b4 Kd5 47.
bxc5 Kxc5 48. Be2 h5 49. Bd3 Kd5 50. Kb5 Ke5 51. a5 h4 52. a6 e2 53. Bxe2 Ke4
54. a7 Ke3 55. Bxg4 hxg3 56. hxg3 d3 57. a8=Q 1-0

[Event "Chigorin Memorial"]
[Site "St Petersburg"]
[Date "2015.10.03"]
[Round "1.171"]
[White "Prishibilovich, Matvei"]
[Black "Vorobjev, Dmitry"]
[Result "0-1"]
[WhiteElo "1409"]
[BlackElo "2163"]
[PlyCount "98"]
[EventDate "2015.10.03"]
[EventType "swiss"]
[EventRounds "9"]
[EventCountry "RUS"]

1. d4 Nf6 2. c4 g6 3. Nc3 Bg7 4. e4 O-O 5. Nf3 d6 6. Be2 e5 7. dxe5 dxe5 8.
Qxd8 Rxd8 9. O-O Na6 10. Bg5 h6 11. Bh4 Re8 12. Bg3 Nh5 13. a3 Nf4 14. Rfe1
Nxe2+ 15. Rxe2 Be6 16. Nd5 c6 17. Ne3 f6 18. Nd2 Nc5 19. b4 Nd3 20. f3 a5 21.
Rb1 axb4 22. axb4 Bf8 23. c5 Ba2 24. Rd1 Nxb4 25. Ndf1 Bxc5 26. Be1 Bf8 27. Rb2
c5 28. Bxb4 cxb4 29. Nc2 b3 30. Na1 Bc5+ 31. Kh1 Ba3 32. Rdd2 Red8 33. Rxb3
Bxb3 34. Nxb3 Bb4 35. Rf2 Rd3 36. Nc1 Rd1 37. Ne2 Raa1 38. Neg3 Bc5 39. Kg1 Ra2
40. h3 Rxf2 41. Kh2 Rfxf1 42. Nxf1 Rxf1 43. h4 b5 44. h5 b4 45. hxg6 b3 46. g4
b2 47. g5 b1=Q 48. gxf6 Rh1+ 49. Kg2 Qg1# 0-1

[Event "Chigorin Memorial"]
[Site "St Petersburg"]
[Date "2015.10.03"]
[Round "1.174"]
[White "Palchun, Grigory"]
[Black "Pustovidko, Anastasia"]
[Result "1-0"]
[WhiteElo "2315"]
[BlackElo "2035"]
[PlyCount "81"]
[EventDate "2015.10.03"]
[EventType "swiss"]
[EventRounds "9"]
[EventCountry "RUS"]

1. e4 c6 2. d4 d5 3. exd5 cxd5 4. c4 Nf6 5. Nc3 e6 6. Nf3 Nc6 7. cxd5 Nxd5 8.
Bd3 g6 9. O-O Bg7 10. Be4 O-O 11. Bg5 Qa5 12. Qd2 f5 13. Bxd5 exd5 14. Rfe1 Bd7
15. a3 Rae8 16. Rxe8 Bxe8 17. Bh6 Bf7 18. Re1 Qb6 19. Bxg7 Kxg7 20. Na4 Qa5 21.
Qxa5 Nxa5 22. Re7 Rc8 23. Nc3 Kf6 24. Rd7 h6 25. h4 Nc4 26. Rxb7 Nxb2 27. Nb5
Nc4 28. Rxa7 Be8 29. Nc3 Bc6 30. a4 Ra8 31. Rh7 Ra5 32. h5 Bxa4 33. Nxa4 Rxa4
34. Rxh6 Ra1+ 35. Kh2 Ra8 36. Rxg6+ Ke7 37. Kg3 Rh8 38. Kh4 Nd6 39. Ng5 Nb5 40.
Rg7+ Ke8 41. Rb7 1-0

[Event "Chigorin Memorial"]
[Site "St Petersburg"]
[Date "2015.10.03"]
[Round "1.175"]
[White "Ngnegevo, Filipp"]
[Black "Solovyov, Viktor"]
[Result "1/2-1/2"]
[WhiteElo "1937"]
[BlackElo "2312"]
[PlyCount "209"]
[EventDate "2015.10.03"]
[EventType "swiss"]
[EventRounds "9"]
[EventCountry "RUS"]

1. e4 c5 2. Nf3 e6 3. d4 cxd4 4. Nxd4 a6 5. c4 Nf6 6. Nc3 Bb4 7. Bd3 Nc6 8.
Nxc6 dxc6 9. O-O e5 10. a3 Be7 11. h3 Be6 12. Be3 O-O 13. c5 Qc7 14. Qc2 Nh5
15. Na4 Rad8 16. Rad1 Nf4 17. Bc4 Bxc4 18. Qxc4 Rxd1 19. Rxd1 Rd8 20. Qc2 Ne6
21. Rxd8+ Qxd8 22. Nb6 Nd4 23. Qc4 h5 24. b4 Ne6 25. Qe2 g6 26. Nc4 f6 27. Qd2
Qxd2 28. Nxd2 Bf8 29. Nc4 Be7 30. Kf1 Kf7 31. Ke2 Nf8 32. Kd3 Ke6 33. Ke2 Nd7
34. Kd3 f5 35. f3 Nf6 36. Bd2 f4 37. h4 Nd7 38. Be1 Nf8 39. Ke2 Kf6 40. Kd3 Ne6
41. Bc3 Nd8 42. Ke2 Nf7 43. Be1 Ke6 44. Kd3 Bd8 45. Ke2 Bc7 46. Kf1 Kf6 47. Ke2
Nd8 48. Bd2 Ne6 49. Bc3 a5 50. Kf2 axb4 51. axb4 Nf8 52. Ke2 Nh7 53. Be1 Ke6
54. Kd3 Kd7 55. Ke2 Kc8 56. Bc3 Kb8 57. Kd3 Ka7 58. Ke2 Kb8 59. Kd3 Kc8 60. Ke2
Kd7 61. Kd3 Ke6 62. Be1 Nf6 63. Bf2 Ng8 64. Bg1 Nf6 65. Ke2 Nd7 66. Bf2 Bd8 67.
Kd3 Bc7 68. Ke2 Kf6 69. Kd3 Nf8 70. Be1 g5 71. hxg5+ Kxg5 72. Bf2 Ng6 73. Ke2
Kf6 74. Kd3 Ke6 75. Ke2 Kd7 76. Na3 Ke8 77. Nc4 Kd7 78. Kd3 Ke6 79. Ke2 Ne7 80.
Kd3 Nc8 81. Kc3 Na7 82. Na3 Nb5+ 83. Nxb5 cxb5 84. Kd3 Bd8 85. Ke2 Kd7 86. Kf1
Be7 87. Be1 Bd8 88. Bf2 Kc6 89. Ke2 Be7 90. Be1 b6 91. cxb6 Kxb6 92. Bc3 Bf6
93. Be1 Kc6 94. Kf1 Kd6 95. Kg1 Ke6 96. Kh2 Be7 97. Kg1 Bd8 98. Bf2 Kf7 99. Bc5
Bh4 100. Kf1 Ke6 101. Ke2 Be7 102. Bxe7 Kxe7 103. Kf2 Kf6 104. Kg1 Kg5 105. Kh1
1/2-1/2

[Event "Chigorin Memorial"]
[Site "St Petersburg"]
[Date "2015.10.03"]
[Round "1.176"]
[White "Melnikov, Dmitry"]
[Black "Bezstrakhov, Dmitry"]
[Result "1-0"]
[WhiteElo "2272"]
[BlackElo "1903"]
[PlyCount "117"]
[EventDate "2015.10.03"]
[EventType "swiss"]
[EventRounds "9"]
[EventCountry "RUS"]

1. e4 c6 2. Nf3 d5 3. Nc3 Bg4 4. h3 Bxf3 5. Qxf3 d4 6. Ne2 e5 7. Ng3 Nf6 8. Bc4
b5 9. Bb3 Nbd7 10. O-O Nc5 11. d3 g6 12. Rd1 a5 13. c3 Nxb3 14. axb3 Bg7 15.
Ne2 c5 16. Qg3 Nh5 17. Qh2 O-O 18. g4 Nf6 19. Qxe5 dxc3 20. Nxc3 b4 21. Nb5
Nxg4 22. Qg5 Nf6 23. Bf4 Qd7 24. Qxc5 Qxh3 25. Qe3 Qd7 26. Nd6 Nh5 27. Bh2 Bxb2
28. Ra2 Bf6 29. Qf3 Qe6 30. d4 a4 31. Rxa4 Rxa4 32. bxa4 Qa2 33. e5 Be7 34. d5
Bxd6 35. exd6 Qxa4 36. Rb1 Ng7 37. Qf6 Nh5 38. Qd4 Ng7 39. Rxb4 Qc2 40. d7 Qc1+
41. Kg2 Qg5+ 42. Bg3 Nf5 43. Qe5 Qd8 44. Rb7 Nxg3 45. Kxg3 f6 46. Qe6+ Kg7 47.
d6 Kh6 48. Rc7 f5 49. Qe7 f4+ 50. Kh2 g5 51. Rc8 Qb6 52. Qxf8+ Kg6 53. Qe8+ Kf5
54. Qe2 Qxd6 55. d8=Q f3+ 56. Qxd6 fxe2 57. Rf8+ Kg4 58. Qe6+ Kh5 59. Qxe2+ 1-0

[Event "Chigorin Memorial"]
[Site "St Petersburg"]
[Date "2015.10.03"]
[Round "1.177"]
[White "Gantsevich, Aleksey A"]
[Black "Pashinsky, Mikhail"]
[Result "1/2-1/2"]
[WhiteElo "1845"]
[BlackElo "2228"]
[PlyCount "95"]
[EventDate "2015.10.03"]
[EventType "swiss"]
[EventRounds "9"]
[EventCountry "RUS"]

1. e4 d5 2. exd5 Qxd5 3. Nc3 Qd6 4. d4 Nf6 5. Nf3 Bg4 6. h3 Bxf3 7. Qxf3 Nc6 8.
Bb5 O-O-O 9. Bxc6 Qxc6 10. Qxc6 bxc6 11. Be3 Nd5 12. O-O e6 13. Ne4 Be7 14. a3
f5 15. Nc3 Nxe3 16. fxe3 c5 17. Rad1 Bg5 18. Rfe1 Bxe3+ 19. Rxe3 cxd4 20. Rxe6
dxc3 21. Rxd8+ Rxd8 22. bxc3 Rd1+ 23. Kh2 Kd7 24. Ra6 Rd2 25. Rxa7 f4 26. Kg1
Rxc2 27. Ra4 g5 28. h4 h6 29. hxg5 hxg5 30. Ra5 Rxc3 31. Rxg5 Rxa3 32. Rf5 Ra4
33. Kf2 Ke6 34. Rc5 Kd6 35. Rf5 c5 36. Kf3 Ra2 37. Rxf4 Kd5 38. g4 c4 39. Ke3
Ra3+ 40. Kd2 Rg3 41. Kc2 Kc5 42. Rf8 Rxg4 43. Rc8+ Kd5 44. Rd8+ Kc6 45. Kc3 Kc7
46. Rd4 Rxd4 47. Kxd4 c3 48. Kxc3 1/2-1/2

[Event "Chigorin Memorial"]
[Site "St Petersburg"]
[Date "2015.10.03"]
[Round "1.178"]
[White "Abramov, Nikita"]
[Black "Glazov, Anatoly"]
[Result "1-0"]
[WhiteElo "2222"]
[BlackElo "1827"]
[PlyCount "63"]
[EventDate "2015.10.03"]
[EventType "swiss"]
[EventRounds "9"]
[EventCountry "RUS"]

1. e4 c5 2. Nf3 e6 3. d3 Nc6 4. g3 d5 5. Nbd2 Nf6 6. Bg2 dxe4 7. dxe4 e5 8. O-O
Bg4 9. h3 Bh5 10. c3 Qd3 11. Re1 O-O-O 12. Bf1 Qd7 13. Qe2 h6 14. a3 g5 15. b4
g4 16. hxg4 Bxg4 17. Bg2 Qd3 18. Qxd3 Rxd3 19. b5 Na5 20. Nxe5 Rxc3 21. Nxg4
Nxg4 22. Bb2 Bg7 23. Bh3 f5 24. exf5 Bd4 25. Bxc3 Bxc3 26. Bxg4 Bxd2 27. f6+
Kc7 28. Re7+ Kb6 29. Rd1 Nb3 30. f7 Rf8 31. Be6 Nd4 32. Rxd2 1-0

[Event "Chigorin Memorial"]
[Site "St Petersburg"]
[Date "2015.10.03"]
[Round "1.179"]
[White "Gantsevich, Dmitry"]
[Black "Zaykov, Sergey"]
[Result "0-1"]
[WhiteElo "1818"]
[BlackElo "2210"]
[PlyCount "96"]
[EventDate "2015.10.03"]
[EventType "swiss"]
[EventRounds "9"]
[EventCountry "RUS"]

1. Nf3 c5 2. g3 Nc6 3. Bg2 g6 4. O-O Bg7 5. d3 e6 6. e4 Nge7 7. Nbd2 O-O 8. c3
b5 9. Qc2 Rb8 10. Nb3 d6 11. d4 cxd4 12. Nbxd4 b4 13. Bg5 Qd7 14. Bd2 Ba6 15.
Rfd1 Nxd4 16. Nxd4 Rfc8 17. Nf3 Be2 18. Re1 Qb5 19. Bf1 Bxf1 20. Rxf1 bxc3 21.
Bxc3 d5 22. e5 Nf5 23. Qd1 Qc4 24. Nd4 Nxd4 25. Qxd4 a6 26. Rfc1 Bh6 27. f4 Qb5
28. b3 Bf8 29. Qd2 Rc6 30. Bd4 Rbc8 31. Rxc6 Qxc6 32. Bb2 Qc2 33. Qxc2 Rxc2 34.
Bd4 Ba3 35. Ba7 Kf8 36. Rb1 Rxa2 37. b4 Bb2 38. Rf1 Ra1 39. Rxa1 Bxa1 40. Kf2
Ke8 41. Ke3 Kd7 42. Kd3 Kc6 43. Bc5 a5 44. Kc2 Kb5 45. Kb3 d4 46. Kc2 Kc4 47.
Kb1 Bc3 48. Kc2 Bxb4 0-1

[Event "Chigorin Memorial"]
[Site "St Petersburg"]
[Date "2015.10.03"]
[Round "1.180"]
[White "Purtov, Konstantin"]
[Black "Fokin, Anatoly"]
[Result "1-0"]
[WhiteElo "2199"]
[BlackElo "1817"]
[PlyCount "165"]
[EventDate "2015.10.03"]
[EventType "swiss"]
[EventRounds "9"]
[EventCountry "RUS"]

1. e4 d6 2. d4 Nf6 3. Nc3 e5 4. Nf3 Nbd7 5. Bc4 Be7 6. O-O O-O 7. Re1 c6 8. a4
a5 9. Bg5 Qc7 10. Qd2 Nb6 11. Bb3 Bg4 12. dxe5 dxe5 13. Qe3 Nbd7 14. Nh4 Nc5
15. Bc4 Ne6 16. h3 Nxg5 17. Qxg5 Be6 18. Nf5 Bxf5 19. Qxf5 g6 20. Qf3 Kg7 21.
Red1 Nh5 22. g3 Bc5 23. Rd2 Rad8 24. Rad1 Rxd2 25. Rxd2 Bd4 26. Nd1 f5 27. exf5
Rxf5 28. Qg2 Qe7 29. c3 Bc5 30. h4 e4 31. Re2 Qd6 32. Ne3 Rf3 33. Nf1 Nxg3 34.
Rd2 Qf4 35. Rd7+ Kh6 36. Bg8 Ne2+ 37. Kh1 Qxh4+ 38. Nh2 Be7 39. Rxe7 Qxe7 40.
Nxf3 exf3 41. Qxf3 Qh4+ 42. Kg2 Nf4+ 43. Kg1 g5 44. Bb3 Qh5 45. Qe4 Qe2 46. Qd4
Qf3 47. Qf6+ Kh5 48. Qf7+ Kg4 49. Be6+ Nxe6 50. Qxe6+ Qf5 51. Qe2+ Kh4 52. Qe7
b5 53. Qd6 Qb1+ 54. Kh2 Qe4 55. Qh6+ Kg4 56. Qh3+ Kf4 57. axb5 cxb5 58. Qg3+
Kf5 59. Qh3+ Ke5 60. Qd7 Qh4+ 61. Kg1 b4 62. Qb5+ Kf6 63. Qb6+ Kg7 64. Qxa5
bxc3 65. Qxc3+ Kg6 66. Qd3+ Kf6 67. Qd6+ Kf5 68. b4 Qg4+ 69. Kf1 Qc4+ 70. Kg2
Qe4+ 71. Kf1 Qb1+ 72. Ke2 Qe4+ 73. Kd2 Kg4 74. b5 h5 75. b6 h4 76. Qd7+ Kf3 77.
Qd3+ Qxd3+ 78. Kxd3 Kxf2 79. b7 g4 80. b8=Q g3 81. Qf4+ Kg1 82. Qxh4 g2 83. Ke3
1-0

[Event "Chigorin Memorial"]
[Site "St Petersburg"]
[Date "2015.10.03"]
[Round "1.181"]
[White "Hyoetylae, Tapio"]
[Black "Shubin, Kirill"]
[Result "0-1"]
[WhiteElo "1803"]
[BlackElo "2176"]
[PlyCount "66"]
[EventDate "2015.10.03"]
[EventType "swiss"]
[EventRounds "9"]
[EventCountry "RUS"]

1. d4 Nf6 2. c4 c5 3. d5 b5 4. Nd2 bxc4 5. e4 c3 6. bxc3 d6 7. Bd3 g6 8. Ne2
Bg7 9. Bb2 O-O 10. Qc2 Nbd7 11. Ng3 Rb8 12. O-O e6 13. Nc4 Qc7 14. Ne3 Ne5 15.
Be2 exd5 16. exd5 Qb7 17. Rab1 Nxd5 18. Nxd5 Qxd5 19. Rfd1 Qc6 20. Qd2 Bb7 21.
f3 d5 22. Ba1 Rfd8 23. Bb5 Qf6 24. Qf2 Rdc8 25. Be2 h5 26. Nf1 Nd7 27. Qe1 Re8
28. Qd2 Nb6 29. a4 Nxa4 30. Bb5 Bc6 31. Bxc6 Qxc6 32. Rdc1 Nb6 33. Ne3 Bh6 0-1

[Event "Chigorin Memorial"]
[Site "St Petersburg"]
[Date "2015.10.03"]
[Round "1.182"]
[White "Malofeev, Alex"]
[Black "Yun, Vyacheslav"]
[Result "0-1"]
[WhiteElo "2141"]
[BlackElo "1770"]
[PlyCount "78"]
[EventDate "2015.10.03"]
[EventType "swiss"]
[EventRounds "9"]
[EventCountry "RUS"]

1. e4 Nf6 2. e5 Nd5 3. Nf3 Nc6 4. c4 Nb6 5. d4 d6 6. exd6 exd6 7. d5 Nb8 8. Bd3
Bg4 9. O-O Be7 10. Nc3 N8d7 11. h3 Bh5 12. b3 O-O 13. Bb2 Bf6 14. Be2 Nc5 15.
b4 Bxf3 16. Bxf3 Nxc4 17. bxc5 Nxb2 18. Qb3 Bxc3 19. cxd6 Bf6 20. Rab1 Qxd6 21.
Rxb2 Bxb2 22. Qxb2 Qb6 23. Qc3 Qd6 24. Rb1 Rfe8 25. g3 Rab8 26. Rc1 Rec8 27.
Kg2 c6 28. Qd4 cxd5 29. Rd1 Qa6 30. Qf4 Qc4 31. Rd4 Qc3 32. Qd2 Qc1 33. Qa5 Rc2
34. Qxa7 Rf8 35. Bxd5 Qe3 36. h4 Qxf2+ 37. Kh3 Qf5+ 38. g4 Qf1+ 39. Kg3 Qf2+
0-1

[Event "Chigorin Memorial"]
[Site "St Petersburg"]
[Date "2015.10.03"]
[Round "1.184"]
[White "Atabayev, Maksat"]
[Black "Esenov, Annaberdi"]
[Result "1-0"]
[WhiteElo "2483"]
[BlackElo "2323"]
[PlyCount "69"]
[EventDate "2015.10.03"]
[EventType "swiss"]
[EventRounds "9"]
[EventCountry "RUS"]

1. e4 c5 2. Nf3 d6 3. d4 cxd4 4. Nxd4 Nf6 5. Nc3 a6 6. h3 e6 7. g4 b5 8. Bg2
Bb7 9. a3 Qc7 10. g5 Nfd7 11. O-O Nb6 12. f4 N8d7 13. Qe2 g6 14. f5 e5 15. Nb3
O-O-O 16. Na5 h6 17. Nxb7 Kxb7 18. fxg6 fxg6 19. Rf7 Re8 20. a4 bxa4 21. Nxa4
Re7 22. Nxb6 Qxb6+ 23. Be3 Qb5 24. c4 Qb4 25. Rf2 Nc5 26. Bxc5 Qxc5 27. b4 Qc6
28. b5 Qc5 29. Qa2 Qb6 30. c5 Qxc5 31. Qxa6+ Kc7 32. b6+ Kd7 33. h4 Kc6 34.
Qc8+ Kxb6 35. Rb1+ 1-0

[Event "Chigorin Memorial"]
[Site "St Petersburg"]
[Date "2015.10.03"]
[Round "1.185"]
[White "Semiev, Suhrab"]
[Black "Atabayev, Yusup"]
[Result "1/2-1/2"]
[WhiteElo "2306"]
[BlackElo "2428"]
[PlyCount "86"]
[EventDate "2015.10.03"]
[EventType "swiss"]
[EventRounds "9"]
[EventCountry "RUS"]

1. d4 c5 2. e3 Nf6 3. Nf3 d5 4. Nbd2 Bf5 5. dxc5 Qa5 6. Nd4 Bd7 7. N4b3 Qc7 8.
c4 e6 9. cxd5 exd5 10. Bd3 a5 11. a4 Na6 12. O-O Nxc5 13. Nxc5 Bxc5 14. h3 O-O
15. b3 Qe5 16. Ba3 b6 17. Nf3 Qe7 18. Bb2 Ne4 19. Nd4 Qg5 20. Nf3 Qe7 21. Nd4
h6 22. Rc1 Bd6 23. Nb5 Bxb5 24. Bxb5 Rad8 25. Qd4 Qg5 26. Rfd1 Nc5 27. h4 Qg6
28. Bd3 Nxd3 29. Qxd3 Qe6 30. Bd4 Be7 31. g3 Rd6 32. Kh2 Qg4 33. Qf1 Rg6 34.
Rd2 Bd6 35. Qh3 Qe4 36. f4 Bb4 37. Rdd1 Ba3 38. Rc7 Qf3 39. Rd2 Bb4 40. Rg2 h5
41. Qf5 Rg4 42. Rc1 Be7 43. Qxh5 Rd8 1/2-1/2

[Event "Chigorin Memorial"]
[Site "St Petersburg"]
[Date "2015.10.03"]
[Round "1.186"]
[White "Atabayev, Saparmyrat"]
[Black "Kakabayaev, Mergen"]
[Result "1-0"]
[WhiteElo "2368"]
[BlackElo "2239"]
[PlyCount "47"]
[EventDate "2015.10.03"]
[EventType "swiss"]
[EventRounds "9"]
[EventCountry "RUS"]

1. d4 Nf6 2. Nf3 g6 3. g3 Bg7 4. Bg2 O-O 5. O-O d6 6. c4 Nc6 7. Nc3 a6 8. Nd5
Bg4 9. Ne3 e5 10. Nxg4 Nxg4 11. d5 Nd4 12. Ne1 h5 13. f3 Nh6 14. g4 hxg4 15.
fxg4 Nxg4 16. e3 Nxh2 17. Kxh2 Qh4+ 18. Bh3 Nf5 19. Qg4 Qe7 20. e4 Nd4 21. Bg5
f6 22. Bh4 Qf7 23. Qg2 f5 24. Nf3 1-0